[Event "Duna Kupa (Nõi Nyílt Bajnokság)"]
[Site "Budapest"]
[Date "2015.09.27"]
[Round "5.3"]
[White "Rudolf, Anna"]
[Black "Szeberenyi, Adam"]
[Result "0-1"]
[WhiteElo "2329"]
[BlackElo "2378"]
[PlyCount "54"]
[EventDate "2015.09.23"]
[EventType "swiss"]
[EventRounds "9"]
[EventCountry "HUN"]

1. e4 g6 2. d4 Bg7 3. Nc3 d6 4. f4 Nc6 5. Be3 Nf6 6. Nf3 O-O 7. d5 Nb8 8. Qd3
e6 9. O-O-O exd5 10. exd5 Na6 11. h3 Nc5 12. Bxc5 dxc5 13. Ne5 Nh5 14. Qe3 Qh4
15. Ne2 Bh6 16. g4 Nxf4 17. Nxf4 Qf6 18. Ned3 c4 19. Bg2 cxd3 20. Rhf1 Bd7 21.
cxd3 Rae8 22. Be4 Qe5 23. Kb1 f5 24. gxf5 Rxf5 25. Bxf5 Qxe3 26. Bxd7 Rf8 27.
Rde1 Rxf4 0-1

[Event "Duna Kupa (Nõi Nyílt Bajnokság)"]
[Site "Budapest"]
[Date "2015.09.27"]
[Round "5.4"]
[White "Lyell, Mark"]
[Black "Vajda, Szidonia"]
[Result "1/2-1/2"]
[WhiteElo "2313"]
[BlackElo "2352"]
[PlyCount "104"]
[EventDate "2015.09.23"]
[EventType "swiss"]
[EventRounds "9"]
[EventCountry "HUN"]

1. e4 e5 2. Nf3 Nc6 3. d4 exd4 4. Nxd4 Nf6 5. Nxc6 bxc6 6. e5 Qe7 7. Qe2 Nd5 8.
c4 Nb6 9. Nc3 Qe6 10. Qe4 d5 11. exd6 Qxe4+ 12. Nxe4 cxd6 13. Bd2 Be6 14. b3 h6
15. Be2 d5 16. cxd5 Bxd5 17. f3 Be7 18. O-O O-O 19. Bc3 a5 20. Bd4 Rfb8 21. Nc3
Be6 22. f4 Nd5 23. Na4 Rb4 24. Bc4 Ne3 25. Bxe3 Bxc4 26. Rf2 Bb5 27. Bc5 Bf6
28. Bxb4 Bxa1 29. Bc3 Rd8 30. Rc2 Rd1+ 31. Kf2 Bxa4 32. Bxa1 Rxa1 33. bxa4 Kf8
34. Kf3 Ke7 35. Rxc6 Rxa2 36. Rc4 Ra3+ 37. Ke4 g6 38. g4 Ra2 39. h4 Rh2 40.
Rc7+ Kf8 41. Rc5 Rxh4 42. Kf3 h5 43. g5 Rh3+ 44. Kg2 Rh4 45. Kf3 Rh3+ 46. Kg2
Ra3 47. Rxa5 h4 48. Ra6 Rg3+ 49. Kh2 Rf3 50. Rf6 Ra3 51. Ra6 Rf3 52. Rf6 Ra3
1/2-1/2

[Event "Duna Kupa (Nõi Nyílt Bajnokság)"]
[Site "Budapest"]
[Date "2015.09.27"]
[Round "5.5"]
[White "Kantor, Gergely"]
[Black "Havanecz, Bianka"]
[Result "1-0"]
[WhiteElo "2403"]
[BlackElo "2252"]
[PlyCount "101"]
[EventDate "2015.09.23"]
[EventType "swiss"]
[EventRounds "9"]
[EventCountry "HUN"]

1. d4 d5 2. c4 dxc4 3. Nf3 Nf6 4. e3 Bg4 5. Bxc4 e6 6. h3 Bh5 7. Nc3 Nc6 8. Bb5
Bd6 9. e4 Nd7 10. Be3 O-O 11. g4 Bg6 12. h4 Bb4 13. Nd2 Nf6 14. Bxc6 bxc6 15.
f3 h5 16. g5 Nd7 17. Qa4 c5 18. Nb3 Nb6 19. Qb5 a6 20. Qe2 Na4 21. Rc1 cxd4 22.
Bxd4 Qd6 23. O-O Bxc3 24. Bxc3 Nxc3 25. Rxc3 a5 26. f4 a4 27. Nc5 Ra5 28. Qf2
Rb8 29. f5 exf5 30. exf5 Bh7 31. Re1 Qd5 32. Rce3 Kh8 33. Re5 Qc4 34. Kh2 Rab5
35. b3 axb3 36. axb3 Qc3 37. R1e3 Qd4 38. Re8+ Bg8 39. Rxb8 Rxb8 40. Ne4 Qe5+
41. Ng3 Qd4 42. Ne2 Qd6+ 43. Qg3 Rb4 44. Qxd6 Rxh4+ 45. Rh3 Rxh3+ 46. Kxh3 cxd6
47. b4 f6 48. g6 Bd5 49. Nd4 Kg8 50. b5 Bb7 51. Kh4 1-0

[Event "Duna Kupa (Nõi Nyílt Bajnokság)"]
[Site "Budapest"]
[Date "2015.09.27"]
[Round "5.6"]
[White "Madl, Ildiko"]
[Black "Szalanczy, Emil"]
[Result "1/2-1/2"]
[WhiteElo "2366"]
[BlackElo "2280"]
[PlyCount "29"]
[EventDate "2015.09.23"]
[EventType "swiss"]
[EventRounds "9"]
[EventCountry "HUN"]

1. e4 c5 2. Nf3 d6 3. Bb5+ Bd7 4. Bxd7+ Nxd7 5. O-O Ngf6 6. Qe2 e6 7. b3 Be7 8.
Bb2 O-O 9. c4 Rc8 10. d4 cxd4 11. Nxd4 a6 12. Nc3 Rc5 13. Rad1 Qc7 14. f4 Rc8
15. Rf3 1/2-1/2

[Event "Duna Kupa (Nõi Nyílt Bajnokság)"]
[Site "Budapest"]
[Date "2015.09.27"]
[Round "5.7"]
[White "Reznak, Attila"]
[Black "Polyik, Peter"]
[Result "1-0"]
[WhiteElo "2340"]
[BlackElo "2178"]
[PlyCount "113"]
[EventDate "2015.09.23"]
[EventType "swiss"]
[EventRounds "9"]
[EventCountry "HUN"]

1. d4 d5 2. c4 e6 3. Nf3 Nf6 4. g3 Be7 5. Bg2 O-O 6. Qc2 c6 7. O-O Nbd7 8. Nbd2
b6 9. e4 Bb7 10. e5 Ne8 11. h4 Rc8 12. b3 Nc7 13. Rd1 c5 14. Nf1 b5 15. Ng5 g6
16. cxd5 Nxd5 17. Qb2 cxd4 18. Qxd4 Nxe5 19. Bb2 Bf6 20. Qxa7 Qd7 21. Ne4 Nf3+
22. Bxf3 Bxb2 23. Rab1 Ra8 24. Qc5 Be5 25. Ne3 Rfc8 26. Nxd5 exd5 27. Qe3 Qe7
28. Ng5 Rxa2 29. Bxd5 Rc3 30. Bxf7+ Kf8 31. Rd3 Rcc2 32. Rbd1 Rxf2 33. Rd8+ Kg7
34. Rg8+ Kh6 35. Nf3+ Kh5 36. g4+ Kxg4 37. Nxe5+ Qxe5 38. Be6+ Rf5 39. Bxf5+
Qxf5 40. Qd4+ Be4 41. Rd2 Rxd2 42. Qxd2 Qf3 43. Rd8 Qh1+ 44. Kf2 Qxh4+ 45. Ke3
Qg5+ 46. Kf2 Qxd2+ 47. Rxd2 h5 48. Rd4 Kf4 49. Rb4 h4 50. Kg1 g5 51. Rxb5 g4
52. Rh5 Kg3 53. b4 h3 54. b5 Bg2 55. b6 Kf4 56. Rh7 g3 57. Rxh3 1-0

[Event "Duna Kupa (Nõi Nyílt Bajnokság)"]
[Site "Budapest"]
[Date "2015.09.27"]
[Round "5.8"]
[White "Gara, Anita"]
[Black "Vegh, Endre"]
[Result "1-0"]
[WhiteElo "2307"]
[BlackElo "2259"]
[PlyCount "87"]
[EventDate "2015.09.23"]
[EventType "swiss"]
[EventRounds "9"]
[EventCountry "HUN"]

1. e4 d6 2. d4 Nf6 3. Nc3 c6 4. Nf3 Bg4 5. h3 Bh5 6. g4 Bg6 7. Qe2 e6 8. g5
Nfd7 9. Nh4 Be7 10. f4 d5 11. Rh2 dxe4 12. Bd2 Qb6 13. O-O-O Qxd4 14. Nxg6 hxg6
15. Be1 Qb6 16. Qxe4 Na6 17. Na4 Qc7 18. Bxa6 bxa6 19. Rhd2 Rd8 20. h4 Nb6 21.
Rxd8+ Bxd8 22. Nxb6 axb6 23. Qd4 O-O 24. Bc3 f6 25. Qe4 Kf7 26. Rg1 f5 27. Qd4
Kg8 28. Rd1 c5 29. Qd7 Qxf4+ 30. Kb1 e5 31. Qe6+ Kh7 32. h5 Bxg5 33. Bxe5 Rf6
34. Bxf6 Bxf6 35. hxg6+ Kxg6 36. Qe8+ Kh6 37. Rh1+ Bh4 38. Qh8+ Kg5 39. Qxg7+
Kh5 40. Qh7+ Kg5 41. Rg1+ Kf6 42. Qg6+ Ke5 43. Qxb6 Bf2 44. Rd1 1-0

[Event "Duna Kupa (Nõi Nyílt Bajnokság)"]
[Site "Budapest"]
[Date "2015.09.27"]
[Round "5.9"]
[White "Balint, Vilmos"]
[Black "Nemeth, Zoltan"]
[Result "0-1"]
[WhiteElo "2288"]
[BlackElo "2296"]
[PlyCount "60"]
[EventDate "2015.09.23"]
[EventType "swiss"]
[EventRounds "9"]
[EventCountry "HUN"]

1. Nf3 Nf6 2. g3 c5 3. c4 g6 4. Bg2 Bg7 5. O-O Nc6 6. Nc3 d6 7. d4 cxd4 8. Nxd4
Nxd4 9. Qxd4 O-O 10. Qd2 Rb8 11. b3 a6 12. Bb2 b5 13. Nd5 bxc4 14. Nxf6+ exf6
15. bxc4 Rxb2 16. Qxb2 f5 17. Qb4 a5 18. Qb5 Bxa1 19. Rxa1 Qc7 20. Rb1 Bd7 21.
Qb7 Rc8 22. Bd5 Bc6 23. Qa6 Bxd5 24. cxd5 Qc2 25. Qb7 Rc5 26. Rb5 Qd1+ 27. Kg2
Rc1 28. Rb2 Qh1+ 29. Kh3 Rg1 30. Qe7 Kg7 0-1

[Event "Duna Kupa (Nõi Nyílt Bajnokság)"]
[Site "Budapest"]
[Date "2015.09.27"]
[Round "5.10"]
[White "Heyl, Thomas"]
[Black "Bodi, Tibor"]
[Result "0-1"]
[WhiteElo "1975"]
[BlackElo "2261"]
[PlyCount "64"]
[EventDate "2015.09.23"]
[EventType "swiss"]
[EventRounds "9"]
[EventCountry "HUN"]

1. c4 f5 2. g3 Nf6 3. Bg2 e5 4. Nc3 c6 5. d4 e4 6. d5 Bc5 7. e3 O-O 8. Nge2 d6
9. O-O Nbd7 10. dxc6 bxc6 11. Na4 Ne5 12. Nxc5 dxc5 13. b3 Qe7 14. Bb2 Rd8 15.
Qc2 Nd3 16. Bxf6 Qxf6 17. Rad1 Be6 18. Nf4 Nb4 19. Qb1 Bf7 20. a3 Na6 21. Rxd8+
Rxd8 22. Rd1 g5 23. Ne2 Bh5 24. Bf1 Rd6 25. Rxd6 Qxd6 26. Qc2 Nb8 27. Nc3 Nd7
28. Be2 Bxe2 29. Qxe2 Qf6 30. Qc2 Ne5 31. Ne2 Nf3+ 32. Kh1 Qh6 0-1

[Event "Duna Kupa (Nõi Nyílt Bajnokság)"]
[Site "Budapest"]
[Date "2015.09.27"]
[Round "5.11"]
[White "Keschitz, Gyorgy"]
[Black "Juhasz, Barbara"]
[Result "0-1"]
[WhiteElo "2260"]
[BlackElo "2175"]
[PlyCount "62"]
[EventDate "2015.09.23"]
[EventType "swiss"]
[EventRounds "9"]
[EventCountry "HUN"]

1. Nf3 g6 2. g3 Bg7 3. Bg2 c5 4. d3 Nc6 5. O-O e5 6. c3 Nge7 7. a4 O-O 8. Na3
h6 9. e4 d6 10. Nc4 f5 11. Ne3 f4 12. Nd5 g5 13. Nd2 Be6 14. Qb3 Rb8 15. a5 Rf7
16. Qa2 Ng6 17. f3 h5 18. Nc4 Qd7 19. Bd2 Rbf8 20. Rf2 g4 21. Raf1 fxg3 22.
hxg3 h4 23. gxh4 g3 24. Re2 Nxh4 25. f4 Bg4 26. Re3 Nxg2 27. Rxg3 Nxf4 28. Bxf4
exf4 29. Rxf4 Be6 30. Rgf3 Bxd5 31. exd5 Rxf4 0-1

[Event "Duna Kupa (Nõi Nyílt Bajnokság)"]
[Site "Budapest"]
[Date "2015.09.27"]
[Round "5.12"]
[White "Halak, Miklos"]
[Black "Piroska, Istvan"]
[Result "1-0"]
[WhiteElo "2253"]
[BlackElo "2065"]
[PlyCount "49"]
[EventDate "2015.09.23"]
[EventType "swiss"]
[EventRounds "9"]
[EventCountry "HUN"]

1. e4 e5 2. Nf3 Nc6 3. Nc3 Nf6 4. Be2 Be7 5. d4 exd4 6. Nxd4 d6 7. Be3 O-O 8.
O-O Re8 9. Nxc6 bxc6 10. Qd2 d5 11. Bf3 Bg4 12. e5 Bxf3 13. gxf3 Nh5 14. Kh1
Qd7 15. Ne2 Rad8 16. c3 c5 17. Qc2 g6 18. Rad1 Qc6 19. Rg1 Bf8 20. Bg5 Rd7 21.
f4 f6 22. exf6 d4+ 23. Rg2 d3 24. Rxd3 Qe4 25. Rxd7 1-0

[Event "Duna Kupa (Nõi Nyílt Bajnokság)"]
[Site "Budapest"]
[Date "2015.09.27"]
[Round "5.13"]
[White "Kormos, Adam"]
[Black "Terbe, Julianna"]
[Result "1-0"]
[WhiteElo "2116"]
[BlackElo "2233"]
[PlyCount "101"]
[EventDate "2015.09.23"]
[EventType "swiss"]
[EventRounds "9"]
[EventCountry "HUN"]

1. e4 c5 2. Nf3 Nc6 3. Bc4 e6 4. Qe2 a6 5. a4 Be7 6. c3 d5 7. Bd3 dxe4 8. Bxe4
Qc7 9. O-O Nf6 10. d4 Nxe4 11. Qxe4 cxd4 12. cxd4 O-O 13. Nc3 Nb4 14. Bf4 Qa5
15. Rac1 Re8 16. Ne5 Bf8 17. Nc4 Qd8 18. Rfe1 Bd7 19. Qxb7 Nd3 20. Nb6 Nxf4 21.
Nxd7 Nd3 22. Ne5 Nxc1 23. Qxf7+ Kh8 24. Qf4 Qf6 25. Qxc1 Rac8 26. Qe3 Bb4 27.
Ne4 Qf5 28. g4 Qf8 29. Ng5 Qf6 30. Qe4 g6 31. Ngf7+ Kg7 32. Re3 Rc7 33. Rf3 Qh4
34. Nxg6 Rc1+ 35. Kg2 hxg6 36. Qe5+ Kg8 37. Qf4 Rcc8 38. Rh3 Qxh3+ 39. Kxh3 Rf8
40. d5 Rxf7 41. Qxb4 exd5 42. Qd6 Kh7 43. Qxd5 Rcf8 44. Kh4 Rxf2 45. Kg5 R2f6
46. Qd4 Rf2 47. Qa7+ Kh8 48. b4 Rxh2 49. Qxa6 Rh7 50. Qd6 Kg8 51. b5 1-0

[Event "Duna Kupa (Nõi Nyílt Bajnokság)"]
[Site "Budapest"]
[Date "2015.09.27"]
[Round "5.14"]
[White "Marosi, Levente"]
[Black "Berta, Sandor"]
[Result "1/2-1/2"]
[WhiteElo "2212"]
[BlackElo "2051"]
[PlyCount "59"]
[EventDate "2015.09.23"]
[EventType "swiss"]
[EventRounds "9"]
[EventCountry "HUN"]

1. e4 c5 2. c3 Nf6 3. e5 Nd5 4. Nf3 Nc6 5. Bc4 Nb6 6. Bb3 c4 7. Bc2 Qc7 8. Qe2
g5 9. h3 Bg7 10. Nxg5 Qxe5 11. d4 cxd3 12. Bxd3 Qxe2+ 13. Kxe2 Ne5 14. Bc2 d5
15. Nd2 Bd7 16. a4 Rc8 17. Kd1 Ng6 18. a5 Na8 19. Nb3 e5 20. Nf3 O-O 21. Re1
Rfe8 22. Be3 Nc7 23. Bxg6 hxg6 24. Bxa7 Nb5 25. Bb6 Nd6 26. Nbd2 Bf5 27. Re3
Bd7 28. Re1 Bf5 29. Re3 Bd7 30. Re1 1/2-1/2

[Event "Duna Kupa (Nõi Nyílt Bajnokság)"]
[Site "Budapest"]
[Date "2015.09.27"]
[Round "5.15"]
[White "Toth-Katona, Tamas"]
[Black "Goczo, Melinda"]
[Result "0-1"]
[WhiteElo "1979"]
[BlackElo "2280"]
[PlyCount "150"]
[EventDate "2015.09.23"]
[EventType "swiss"]
[EventRounds "9"]
[EventCountry "HUN"]

1. e4 c5 2. Nc3 Nc6 3. g3 g6 4. Bg2 Bg7 5. d3 d6 6. Be3 e6 7. Qd2 Rb8 8. Nge2
Nd4 9. Nc1 Ne7 10. Nd1 e5 11. h3 b6 12. c3 h6 13. f4 Ndc6 14. O-O exf4 15. Bxf4
g5 16. Be3 Be6 17. d4 Bc4 18. Re1 Qd7 19. Nf2 Rd8 20. Ne2 Ng6 21. b3 Ba6 22.
Rad1 Bb7 23. Qc1 Qc7 24. b4 cxd4 25. cxd4 Qe7 26. Qd2 O-O 27. a3 Kh7 28. Nc3
Qd7 29. Qe2 f6 30. h4 gxh4 31. Qh5 Qf7 32. gxh4 Nge7 33. Qe2 Rg8 34. Kh1 Kh8
35. Ng4 Qh5 36. Bf2 f5 37. Nh2 Qf7 38. Rf1 Qb3 39. Rd3 Qc4 40. Qe3 f4 41. Qd2
Ba6 42. b5 Bxb5 43. Nxb5 Qxb5 44. Rf3 Rdf8 45. Rxf4 Qa5 46. Qxa5 Nxa5 47. Rxf8
Rxf8 48. Bg3 Rxf1+ 49. Bxf1 d5 50. e5 Nf5 51. Bf2 Nc4 52. Bd3 Ne7 53. a4 a6 54.
Ng4 b5 55. axb5 axb5 56. Ne3 Kg8 57. h5 Kf7 58. Bh4 Nxe3 59. Bxb5 N7f5 60. Bf2
Nxd4 61. Bd7 Nef5 62. Kg2 Bxe5 63. Kh3 Kf6 64. Kg4 Ne6 65. Be1 d4 66. Bd2 Ne3+
67. Kf3 Ng5+ 68. Ke2 Nd5 69. Kd3 Ke7 70. Bf5 Kd6 71. Ba5 Nf4+ 72. Kc4 Nxh5 73.
Bd8 Ng7 74. Bg6 N7e6 75. Bb6 Bf6 0-1

[Event "Duna Kupa (Nõi Nyílt Bajnokság)"]
[Site "Budapest"]
[Date "2015.09.27"]
[Round "5.16"]
[White "Dudas, Eszter"]
[Black "Jamrich, Gyorgy"]
[Result "1-0"]
[WhiteElo "2145"]
[BlackElo "2207"]
[PlyCount "95"]
[EventDate "2015.09.23"]
[EventType "swiss"]
[EventRounds "9"]
[EventCountry "HUN"]

1. e4 e5 2. Nf3 Nc6 3. Bb5 a6 4. Ba4 Nf6 5. O-O b5 6. Bb3 Be7 7. d3 O-O 8. a4
b4 9. a5 d6 10. h3 Nb8 11. c3 bxc3 12. bxc3 Nbd7 13. Nbd2 Rb8 14. d4 c5 15. Bc4
cxd4 16. cxd4 Bb7 17. Qe2 exd4 18. Nxd4 Nc5 19. Bd3 Re8 20. Re1 Bf8 21. Qf3 g6
22. N4b3 Nfxe4 23. Bxe4 Nxb3 24. Nxb3 d5 25. Bb2 dxe4 26. Qc3 f6 27. Qxf6 Qxf6
28. Bxf6 Bd5 29. Nd4 Kf7 30. Bg5 Rb2 31. Bc1 Rb7 32. Rd1 Bc4 33. Be3 Bd3 34.
Rac1 Ba3 35. Rc6 Reb8 36. Bf4 Rd8 37. Ne6 Rd5 38. Ng5+ Ke8 39. Rxa6 h6 40. Ne6
Kf7 41. Rc6 Ra7 42. a6 Rf5 43. Ra1 Rxa6 44. Rxa6 Bxa6 45. Rxa3 Bc8 46. Nd8+ Ke8
47. Bc7 Rc5 48. Bb6 1-0

[Event "Duna Kupa (Nõi Nyílt Bajnokság)"]
[Site "Budapest"]
[Date "2015.09.27"]
[Round "5.17"]
[White "Boguszlavszkij, Jevgenyij"]
[Black "Terbe, Zsuzsanna"]
[Result "1-0"]
[WhiteElo "2204"]
[BlackElo "2087"]
[PlyCount "75"]
[EventDate "2015.09.23"]
[EventType "swiss"]
[EventRounds "9"]
[EventCountry "HUN"]

1. e4 c5 2. Nc3 Nc6 3. Nge2 Nf6 4. g3 d5 5. exd5 Nxd5 6. Bg2 Nxc3 7. bxc3 e5 8.
O-O Be7 9. c4 Bg4 10. h3 Bh5 11. d3 Qd7 12. Rb1 Rd8 13. Qd2 b6 14. Re1 f6 15.
a3 Bf7 16. Nc3 O-O 17. Nd5 Rfe8 18. Kh2 Bf8 19. Bb2 Ne7 20. Nxe7+ Rxe7 21. Qe2
Bg6 22. Qf3 Qa4 23. Re2 Red7 24. Qc6 Qa6 25. Rbe1 Rd6 26. Qb7 Qa4 27. Bc1 R8d7
28. Qf3 Rd8 29. Qe3 Bxd3 30. cxd3 Rxd3 31. Qe4 R3d4 32. Qf5 Qxc4 33. Be4 h6 34.
Bxh6 Rd1 35. Qh7+ Kf7 36. Bg6+ Ke7 37. Bxg7 Rxe1 38. Rxe1 1-0

[Event "Duna Kupa (Nõi Nyílt Bajnokság)"]
[Site "Budapest"]
[Date "2015.09.27"]
[Round "5.18"]
[White "Erdos, Boglarka"]
[Black "Karacsonyi, Gellert"]
[Result "1-0"]
[WhiteElo "2186"]
[BlackElo "2055"]
[PlyCount "151"]
[EventDate "2015.09.23"]
[EventType "swiss"]
[EventRounds "9"]
[EventCountry "HUN"]

1. d4 f5 2. e4 fxe4 3. Nc3 Nf6 4. Bg5 Nc6 5. d5 Ne5 6. Qe2 Nf7 7. Bxf6 exf6 8.
Nxe4 Bb4+ 9. c3 O-O 10. cxb4 f5 11. O-O-O fxe4 12. Qxe4 Nd6 13. Qc2 Qh4 14. Nf3
Qxb4 15. Bd3 Qf4+ 16. Kb1 Nf5 17. Rhe1 h6 18. Re4 Qd6 19. g4 Ne7 20. Nh4 Qxh2
21. Rxe7 Qxh4 22. Qe2 Rxf2 23. Re8+ Kf7 24. Qe5 Qg5 25. Re1 Qxe5 26. R1xe5 b6
27. d6 cxd6 28. R5e7+ Kf6 29. Be4 Rb8 30. Bd5 Rd2 31. Rf7+ Kg6 32. Bb3 Rd1+ 33.
Kc2 Rg1 34. Rff8 Rg2+ 35. Kd1 Rg1+ 36. Kd2 Rg2+ 37. Ke3 Rxg4 38. Rxc8 Rxc8 39.
Rxc8 Rg2 40. Rc7 a5 41. Rxd7 Rxb2 42. Rxd6+ Kg5 43. Rxb6 a4 44. Rb5+ Kf6 45.
Bc4 Rg2 46. Be2 Rg3+ 47. Bf3 g5 48. Kf2 Rh3 49. Rb4 h5 50. Rxa4 g4 51. Bc6 Rc3
52. Bd5 Kf5 53. Bb3 h4 54. Bd1 g3+ 55. Kg2 Rc1 56. Rd4 Kg5 57. a4 Ra1 58. Rd2
Ra3 59. Rb2 Ra1 60. Bb3 Kg4 61. Be6+ Kf4 62. Ra2 Re1 63. Bh3 Re7 64. a5 Ra7 65.
a6 Kg5 66. Bc8 Kf4 67. Bb7 Kg4 68. Ra4+ Kf5 69. Rxh4 Ke5 70. Kxg3 Kd6 71. Rh5
Kc7 72. Kf4 Kb6 73. Ke4 Kc7 74. Kd5 Kd7 75. Rh7+ Kd8 76. Kc6 1-0

[Event "Duna Kupa (Nõi Nyílt Bajnokság)"]
[Site "Budapest"]
[Date "2015.09.27"]
[Round "5.19"]
[White "Laza, Szabolcs"]
[Black "Vargyas, Zoltan"]
[Result "1-0"]
[WhiteElo "2150"]
[BlackElo "2094"]
[PlyCount "79"]
[EventDate "2015.09.23"]
[EventType "swiss"]
[EventRounds "9"]
[EventCountry "HUN"]

1. d4 Nf6 2. c4 g6 3. Nc3 Bg7 4. e4 O-O 5. f4 d6 6. Nf3 c5 7. Be2 cxd4 8. Nxd4
Nc6 9. Be3 Ng4 10. Bxg4 Bxg4 11. Nxc6 Bxd1 12. Nxd8 Bc2 13. Nxb7 Rfb8 14. Kd2
Bxe4 15. Nxe4 Rxb7 16. Rab1 Bxb2 17. Kc2 Rab8 18. Bxa7 Rxa7 19. Rxb2 Rc8 20.
Kd3 Ra3+ 21. Kd4 f5 22. Nd2 Kf7 23. Re1 g5 24. Re3 Ra4 25. g3 g4 26. a3 Rc7 27.
Rb4 Ra8 28. Reb3 Kf6 29. Rb8 Ra4 30. Rf8+ Ke6 31. Rh8 Kf6 32. Rf8+ Ke6 33. Re3+
Kd7 34. Rxf5 Rb7 35. Rb3 Rxb3 36. Nxb3 Rxa3 37. Kc3 e5 38. fxe5 Ke6 39. Kb4 Ra2
40. Nd4+ 1-0

[Event "Duna Kupa (Nõi Nyílt Bajnokság)"]
[Site "Budapest"]
[Date "2015.09.27"]
[Round "5.20"]
[White "Fodor, Balazs"]
[Black "Bodrogi, Mihaly"]
[Result "1/2-1/2"]
[WhiteElo "2057"]
[BlackElo "2044"]
[PlyCount "77"]
[EventDate "2015.09.23"]
[EventType "swiss"]
[EventRounds "9"]
[EventCountry "HUN"]

1. d4 d5 2. c4 c6 3. Nc3 Nf6 4. Nf3 dxc4 5. a4 Bf5 6. e3 Na6 7. Bxc4 Nb4 8. O-O
e6 9. Qe2 Be7 10. b3 O-O 11. Bb2 Qa5 12. Ne5 h6 13. Rfd1 Rfd8 14. Rac1 Nd7 15.
Nxd7 Rxd7 16. e4 Bg6 17. d5 exd5 18. exd5 Rad8 19. dxc6 bxc6 20. Rxd7 Rxd7 21.
h3 Qd8 22. Ne4 Nd3 23. Bxd3 Rxd3 24. Qg4 h5 25. Qf4 Rxb3 26. Ba1 Qd5 27. Nc3
Qg5 28. Ne2 Qxf4 29. Nxf4 Bg5 30. Be5 Be4 31. Rc4 Bxf4 32. Bxf4 Bd5 33. Rd4 f6
34. a5 a6 35. Bc7 Kf7 36. Kh2 g5 37. Rd2 h4 38. f4 Rb7 39. Bb6 1/2-1/2

[Event "Duna Kupa (Nõi Nyílt Bajnokság)"]
[Site "Budapest"]
[Date "2015.09.27"]
[Round "5.21"]
[White "Trajber, Csaba Dr"]
[Black "Marta, Dominik"]
[Result "0-1"]
[WhiteElo "2031"]
[BlackElo "2009"]
[PlyCount "106"]
[EventDate "2015.09.23"]
[EventType "swiss"]
[EventRounds "9"]
[EventCountry "HUN"]

1. e4 Nf6 2. e5 Nd5 3. d4 d6 4. Nf3 Bg4 5. h3 Bxf3 6. Qxf3 dxe5 7. dxe5 Nc6 8.
e6 fxe6 9. Bd3 g6 10. Qe4 Ndb4 11. O-O Nxd3 12. cxd3 Qd5 13. Qg4 Ne5 14. Qa4+
c6 15. Nc3 Qxd3 16. Bf4 b5 17. Qa6 Bg7 18. Bxe5 Bxe5 19. Qxc6+ Kf7 20. Rfe1 Qd6
21. Qxb5 Bxc3 22. bxc3 Rab8 23. Qa4 Rb7 24. Rad1 Qc5 25. Re3 Rf8 26. Qe4 Rb6
27. Rf3+ Kg7 28. Rxf8 Kxf8 29. Qf4+ Kg7 30. Rd3 Qf5 31. Qxf5 exf5 32. Rd7 Kf6
33. Rxa7 Rb1+ 34. Kh2 Rc1 35. Ra3 e5 36. Kg3 Kg5 37. Kf3 Rc2 38. g3 e4+ 39. Ke3
h5 40. h4+ Kg4 41. Rb3 Rxa2 42. Rb6 Rc2 43. Rxg6+ Kh3 44. Rg5 Rxc3+ 45. Ke2 Rf3
46. Rxh5 Kg2 47. Rg5 Rxf2+ 48. Ke1 e3 49. h5 f4 50. gxf4+ Kf3 51. Rg1 Re2+ 52.
Kd1 Ra2 53. Rg6 e2+ 0-1

[Event "Duna Kupa (Nõi Nyílt Bajnokság)"]
[Site "Budapest"]
[Date "2015.09.27"]
[Round "5.22"]
[White "Rezsek, Gyozo"]
[Black "Csapo, Zoltan"]
[Result "1-0"]
[WhiteElo "2015"]
[BlackElo "2005"]
[PlyCount "83"]
[EventDate "2015.09.23"]
[EventType "swiss"]
[EventRounds "9"]
[EventCountry "HUN"]

1. e4 e5 2. Nf3 Nc6 3. Bc4 Nge7 4. O-O Ng6 5. c3 d6 6. d4 Bg4 7. h3 Bxf3 8.
Qxf3 Qd7 9. Be3 Nd8 10. Nd2 Be7 11. Rfd1 O-O 12. Qg4 Qxg4 13. hxg4 Ne6 14. g3
c6 15. Nf3 Nc7 16. dxe5 dxe5 17. Rd7 Bd8 18. Rad1 Ne6 19. Rxb7 a5 20. Kg2 Re8
21. Rdd7 Re7 22. Rxe7 Bxe7 23. Bxe6 fxe6 24. Nxe5 Nxe5 25. Rxe7 Nc4 26. Bc1 a4
27. b3 axb3 28. axb3 Ra1 29. Bf4 e5 30. Bxe5 Kf8 31. bxc4 Kxe7 32. Bxg7 Ra4 33.
Kf3 Rxc4 34. Ke3 Kf7 35. Bd4 Ra4 36. g5 Ke6 37. f4 Kd6 38. f5 c5 39. Bf6 Ra1
40. Bg7 Ra7 41. Bf8+ Kc6 42. g6 1-0

[Event "Duna Kupa (Nõi Nyílt Bajnokság)"]
[Site "Budapest"]
[Date "2015.09.27"]
[Round "5.23"]
[White "Torok, Tamas Titusz"]
[Black "Szente Varga, Fruzsina"]
[Result "0-1"]
[WhiteElo "2139"]
[BlackElo "2240"]
[PlyCount "118"]
[EventDate "2015.09.23"]
[EventType "swiss"]
[EventRounds "9"]
[EventCountry "HUN"]

1. b3 e5 2. Bb2 Nc6 3. e3 Nf6 4. Bb5 Bd6 5. Na3 Na5 6. Nf3 a6 7. Be2 Qe7 8. Nb1
O-O 9. c4 Nc6 10. d3 Bb4+ 11. Nfd2 d5 12. cxd5 Nxd5 13. a3 Bd6 14. Bf3 Be6 15.
Nc3 Nxc3 16. Bxc3 Rad8 17. b4 f5 18. Qc2 f4 19. O-O Qh4 20. g3 Qh6 21. exf4
exf4 22. Rfe1 Rf7 23. g4 Bf8 24. Bxc6 bxc6 25. f3 Qg6 26. Ne4 h5 27. h3 hxg4
28. hxg4 Rd5 29. Kf2 c5 30. Qe2 Bd7 31. bxc5 Bxc5+ 32. Nxc5 Rxc5 33. Bb4 Rc6
34. Qe4 Rc2+ 35. Re2 Qh6 36. Rg1 Qh4+ 37. Kf1 Bc6 38. Rxc2 Bxe4 39. dxe4 Rd7
40. Rcg2 Qd8 41. Re2 Rd3 42. Kg2 Qh4 43. Be1 Qe7 44. Bb4 c5 45. Bd2 g5 46. Rc1
Rd6 47. Rxc5 Rxd2 48. Rxg5+ Qxg5 49. Rxd2 Qa5 50. Re2 Qxa3 51. e5 Kf7 52. e6+
Ke7 53. Re4 Qb2+ 54. Kh3 Qf6 55. Ra4 Qxe6 56. Rxf4 Qh6+ 57. Kg3 Qd6 58. g5 a5
59. Kg4 Qxf4+ 0-1

[Event "Duna Kupa (Nõi Nyílt Bajnokság)"]
[Site "Budapest"]
[Date "2015.09.28"]
[Round "6.1"]
[White "Almasi, Istvan"]
[Black "Czebe, Attila"]
[Result "0-1"]
[WhiteElo "2409"]
[BlackElo "2439"]
[PlyCount "116"]
[EventDate "2015.09.23"]
[EventType "swiss"]
[EventRounds "9"]
[EventCountry "HUN"]
[TimeControl "6000+790"]
[WhiteClock "0:12:48"]
[BlackClock "0:25:03"]

1. d4 d6 2. e4 Nf6 3. Nc3 e5 4. dxe5 dxe5 5. Qxd8+ Kxd8 6. Bg5 Be6 7. O-O-O+
Nbd7 8. f4 exf4 9. Nf3 Kc8 10. Bxf4 Bc5 11. h3 Nh5 12. Bh2 Be3+ 13. Kb1 Bf4 14.
g4 Bxh2 15. Rxh2 Nf4 16. Nd5 Ng6 17. Nd4 c6 18. Ne3 Nge5 19. Rf2 Kc7 20. Nef5
Rhg8 21. Nxe6+ fxe6 22. Nd4 Rae8 23. g5 Rgf8 24. Rxf8 Nxf8 25. Be2 Nf7 26. h4
Ne5 27. Kc1 Re7 28. Kd2 Nfg6 29. h5 Nf4 30. Ke3 Rf7 31. Rg1 Nxe2 32. Kxe2 Kd6
33. b3 Rf4 34. Ke3 Rh4 35. h6 Rh3+ 36. Ke2 gxh6 37. gxh6 Ng6 38. Rf1 Ke7 39.
Nf3 Rxh6 40. Rg1 Rh5 41. a4 a5 42. c3 Kf6 43. b4 b6 44. Rb1 Ne5 45. bxa5 bxa5
46. Rf1 Nxf3 47. Rxf3+ Ke5 48. Kd3 Rh4 49. Rg3 h6 50. Rg6 Rxe4 51. Rxh6 Rxa4
52. Rh5+ Kd6 53. Kc2 e5 54. Rh8 Rg4 55. Rd8+ Kc5 56. Re8 Kd5 57. Rd8+ Kc4 58.
Kb2 Rg2+ 0-1